[Event "Futurity III"]
[Site "Montreal CAN"]
[Date "2003.04.23"]
[Round "7"]
[White "Roussel-Roozmon, Thomas"]
[Black "Hebert, Jean"]
[Result "0-1"]
[WhiteElo "2244"]
[BlackElo "2417"]
[PlyCount "82"]
[GameId "2160767911303101"]
[EventDate "2003.04.16"]
[EventType "tourn"]
[EventRounds "9"]
[EventCountry "CAN"]
[SourceTitle "CBM 093 Extra"]
[Source "ChessBase"]
[SourceDate "2003.05.09"]
[SourceVersion "1"]
[SourceVersionDate "2003.05.09"]
[SourceQuality "1"]

1. d4 g6 2. c4 Bg7 3. e4 d6 4. Nc3 Nf6 5. f3 O-O 6. Be3 a6 7. Qd2 c6 8. Bd3 Nbd7 9. Nge2 b5 10. O-O e5 11. Rfd1 Rb8 12. c5 exd4 13. Nxd4 Ne5 14. Nb3 d5 15. Bf4 Nh5 16. exd5 b4 17. Bxe5 Bxe5 18. Na4 cxd5 19. Nb6 Rxb6 20. cxb6 Qxb6+ 21. Kh1 Qf6 22. Qf2 Bxb2 23. Rab1 Bc3 24. Bf1 Nf4 25. Nd4 Bd7 26. g3 Ne6 27. Nxe6 fxe6 28. Bxa6 Qxf3+ 29. Qxf3 Rxf3 30. Kg2 Rf8 31. Bc4 Kg7 32. Bb3 Bb5 33. Rbc1 Be2 34. Rg1 h5 35. Bd1 Bc4 36. Bb3 Bd3 37. Bc2 Bb5 38. Bb3 Kh6 39. Rc2 Bd3 40. Rcc1 Be4+ 41. Kh3 Rf2 0-1

[Event "Futurity III"]
[Site "Montreal CAN"]
[Date "2003.04.24"]
[Round "8"]
[White "Hebert, Jean"]
[Black "Quan Zhe"]
[Result "0-1"]
[WhiteElo "2417"]
[BlackElo "2226"]
[PlyCount "128"]
[GameId "2160767911303105"]
[EventDate "2003.04.16"]
[EventType "tourn"]
[EventRounds "9"]
[EventCountry "CAN"]
[SourceTitle "CBM 093 Extra"]
[Source "ChessBase"]
[SourceDate "2003.05.09"]
[SourceVersion "1"]
[SourceVersionDate "2003.05.09"]
[SourceQuality "1"]

1. d4 Nf6 2. c4 g6 3. Nc3 Bg7 4. e4 d6 5. Be2 O-O 6. Nf3 e5 7. Be3 Nc6 8. d5 Ne7 9. Nd2 Nd7 10. g4 c6 11. Rg1 a5 12. Qc2 Nc5 13. O-O-O Bd7 14. Nb3 Na6 15. dxc6 Bxc6 16. Kb1 a4 17. Nc1 a3 18. b3 Qc7 19. Nb5 Qb8 20. Nxd6 Rd8 21. c5 b5 22. f3 Nc7 23. Nd3 Ne6 24. Nb4 Nd4 25. Bxd4 exd4 26. Rc1 Be5 27. Bd3 Bf4 28. Rce1 Bxd6 29. cxd6 Qxd6 30. Qd2 Bd7 31. h4 Rac8 32. Rc1 Be6 33. h5 Nc6 34. Nxc6 Rxc6 35. h6 Rxc1+ 36. Rxc1 f6 37. Qa5 Bf7 38. Rc6 Qe7 39. Qxb5 Qf8 40. Qb6 Re8 41. Rxf6 Qxh6 42. Qc7 Qh1+ 43. Qc1 Qh4 44. g5 Qf2 45. Rd6 Qxf3 46. Rxd4 Qg3 47. Bc2 Ra8 48. Qd2 Qe5 49. Bd1 Kg7 50. Bf3 Ra5 51. Ra4 Rxa4 52. bxa4 Qb5+ 53. Kc1 Qe5 54. Kd1 Qa1+ 55. Qc1 Qd4+ 56. Qd2 Qxa4+ 57. Ke1 Qc4 58. Qe3 Qb4+ 59. Qd2 Qxd2+ 60. Kxd2 Bxa2 61. Kc3 Be6 62. e5 a2 63. Kb2 Kf7 64. Be4 Bc4 0-1

[Event "Futurity III"]
[Site "Montreal CAN"]
[Date "2003.04.25"]
[Round "9"]
[White "Voskanyan, Vahagn"]
[Black "Hebert, Jean"]
[Result "0-1"]
[WhiteElo "2314"]
[BlackElo "2417"]
[PlyCount "79"]
[GameId "2160767911303112"]
[EventDate "2003.04.16"]
[EventType "tourn"]
[EventRounds "9"]
[EventCountry "CAN"]
[SourceTitle "CBM 093 Extra"]
[Source "ChessBase"]
[SourceDate "2003.05.09"]
[SourceVersion "1"]
[SourceVersionDate "2003.05.09"]
[SourceQuality "1"]

1. e4 e6 2. d4 d5 3. Nc3 Bb4 4. Bd3 dxe4 5. Bxe4 Nf6 6. Bf3 c5 7. a3 Bxc3+ 8. bxc3 Qa5 9. Bd2 Nc6 10. Ne2 O-O 11. O-O Rd8 12. Qc1 Qa4 13. Bg5 cxd4 14. Bxf6 gxf6 15. Be4 dxc3 16. Nxc3 Qa5 17. Qh6 Qg5 18. Qxh7+ Kf8 19. Rad1 Bd7 20. Rfe1 Qg7 21. Qh4 Be8 22. Bf3 Rxd1 23. Rxd1 f5 24. Ne2 Rd8 25. Re1 Nd4 26. Nxd4 Rxd4 27. Qg3 Qxg3 28. hxg3 b6 29. Be2 Ba4 30. Bd3 Rd5 31. Rb1 Rc5 32. c4 Rc7 33. Kf1 Ke7 34. Ke2 Rc5 35. Ke3 Bc6 36. f3 Kf6 37. Be2 Ra5 38. Rb3 e5 39. Kd2 Rc5 40. Rd3 0-1

[Event "Mauricie op"]
[Site "Shawinigan CAN"]
[Date "2003.03.21"]
[Round "1"]
[White "Hebert, Jean"]
[Black "Marcone, Malcom"]
[Result "1-0"]
[WhiteElo "2460"]
[BlackElo "2069"]
[PlyCount "55"]
[GameId "2160767911303331"]
[EventDate "2003.03.21"]
[EventType "swiss"]
[EventRounds "5"]
[EventCountry "CAN"]
[SourceTitle "EXT 2006"]
[Source "ChessBase"]
[SourceDate "2005.11.24"]
[SourceVersion "1"]
[SourceVersionDate "2005.11.24"]
[SourceQuality "1"]

1. c4 e5 2. Nc3 d6 3. d4 exd4 4. Qxd4 Nc6 5. Qd2 Nf6 6. e4 Be7 7. g3 O-O 8. Bg2 Re8 9. Nge2 Bd7 10. O-O Ne5 11. b3 c6 12. Bb2 Qc7 13. Rad1 Rad8 14. f4 Ng6 15. h3 h5 16. Nd4 Bf8 17. Qc2 Qc8 18. f5 Ne5 19. Qd2 Be7 20. Nde2 Qc7 21. Nf4 Kh7 22. Bc1 Rh8 23. Qe2 Kg8 24. Be3 b6 25. Rc1 Qb8 26. Bd4 Bc8 27. b4 d5 28. exd5 1-0

[Event "Mauricie op"]
[Site "Shawinigan CAN"]
[Date "2003.03.21"]
[Round "2"]
[White "Cazelais, Marc"]
[Black "Hebert, Jean"]
[Result "1/2-1/2"]
[WhiteElo "2097"]
[BlackElo "2460"]
[PlyCount "64"]
[GameId "2160767911303338"]
[EventDate "2003.03.21"]
[EventType "swiss"]
[EventRounds "5"]
[EventCountry "CAN"]
[SourceTitle "EXT 2006"]
[Source "ChessBase"]
[SourceDate "2005.11.24"]
[SourceVersion "1"]
[SourceVersionDate "2005.11.24"]
[SourceQuality "1"]

1. e4 g6 2. d4 d6 3. Nc3 c6 4. Nf3 Bg7 5. a4 a5 6. h3 Nf6 7. Be3 Na6 8. Be2 O-O 9. O-O Nb4 10. Qd2 b6 11. Rfd1 Ba6 12. Bxa6 Rxa6 13. Rac1 Ra8 14. Bh6 Rc8 15. Bxg7 Kxg7 16. Qe3 Qd7 17. Rd2 Qb7 18. Re1 Rfd8 19. Red1 Re8 20. Re1 Qc7 21. Qe2 Qb7 22. Qe3 h6 23. Red1 Qd7 24. Re1 Rb8 25. Ra1 Qe6 26. b3 Qc8 27. Re1 Qc7 28. Red1 Rbd8 29. Qe2 Qc8 30. Qe3 Rg8 31. Re1 Rge8 32. Red1 Qc7 1/2-1/2

[Event "Mauricie op"]
[Site "Shawinigan CAN"]
[Date "2003.03.21"]
[Round "3"]
[White "Hebert, Jean"]
[Black "Soudre, Nicolas"]
[Result "1-0"]
[WhiteElo "2460"]
[BlackElo "2074"]
[PlyCount "63"]
[GameId "2160767911303346"]
[EventDate "2003.03.21"]
[EventType "swiss"]
[EventRounds "5"]
[EventCountry "CAN"]
[SourceTitle "EXT 2006"]
[Source "ChessBase"]
[SourceDate "2005.11.24"]
[SourceVersion "1"]
[SourceVersionDate "2005.11.24"]
[SourceQuality "1"]

1. d4 d5 2. c4 c6 3. Nf3 Nf6 4. e3 a6 5. Nbd2 Nbd7 6. Bd3 b5 7. cxd5 cxd5 8. a4 b4 9. a5 e6 10. Qa4 Be7 11. Ne5 Bb7 12. Nc6 Bxc6 13. Qxc6 Ra7 14. Nb3 O-O 15. Bd2 Nb8 16. Qa4 Rb7 17. O-O Ne4 18. Be1 Qe8 19. Qxe8 Rxe8 20. f3 Nf6 21. Bg3 Nfd7 22. Rac1 f6 23. e4 Kf7 24. Rc2 dxe4 25. fxe4 e5 26. Bc4+ Kg6 27. Bd5 Rb5 28. dxe5 Nxe5 29. Bxe5 fxe5 30. Rc7 Kg5 31. Bf7 Rf8 32. Rxe7 1-0

[Event "Hiver/Winter op"]
[Site "Montreal CAN"]
[Date "2003.02.28"]
[Round "1"]
[White "Gauthier, Denis"]
[Black "Hebert, Jean"]
[Result "0-1"]
[WhiteElo "2070"]
[BlackElo "2460"]
[PlyCount "118"]
[GameId "2160767911303485"]
[EventDate "2003.02.28"]
[EventType "swiss"]
[EventRounds "5"]
[EventCountry "CAN"]

1. d4 Nf6 2. c4 e6 3. Nf3 Bb4+ 4. Nbd2 b6 5. a3 Bxd2+ 6. Bxd2 Bb7 7. Bg5 h6 8. Bh4 d6 9. e3 Nbd7 10. Bd3 Qe7 11. b4 g5 12. Bg3 h5 13. h3 Rg8 14. Rc1 c5 15. bxc5 dxc5 16. Qc2 h4 17. Bh2 g4 18. Nxh4 gxh3 19. d5 hxg2 20. Rg1 Ng4 21. Bg3 Nde5 22. Be4 f5 23. Bxg2 O-O-O 24. Qe2 Qf6 25. Nf3 exd5 26. Nxe5 Nxe5 27. cxd5 Rxg3 28. fxg3 Qg5 29. Bh1 Kb8 30. Rd1 Re8 31. Qf2 Ng4 32. Qf4+ Qxf4 33. gxf4 Nxe3 34. Rd2 Nxd5+ 35. Re2 Rxe2+ 36. Kxe2 Nxf4+ 37. Kd2 Ne6 38. Bxb7 Kxb7 39. Rg6 Nd4 40. Rg7+ Ka6 41. Rf7 b5 42. Kd3 Kb6 43. Rf8 a5 44. Rf6+ Kc7 45. a4 bxa4 46. Kc4 a3 47. Rf7+ Kd6 48. Rf6+ Kd7 49. Rf7+ Ke6 50. Ra7 Nc6 51. Rh7 a2 52. Rh1 Nb4 53. Re1+ Kf6 54. Ra1 f4 55. Kxc5 f3 56. Kb5 f2 57. Kxa5 Nc2 58. Rxa2 f1=Q 59. Rxc2 Qf5+ 0-1

[Event "Hiver/Winter op"]
[Site "Montreal CAN"]
[Date "2003.03.01"]
[Round "2"]
[White "Hebert, Jean"]
[Black "Mikanovic, Goran"]
[Result "0-1"]
[WhiteElo "2460"]
[BlackElo "2350"]
[PlyCount "84"]
[GameId "2160767911303491"]
[EventDate "2003.02.28"]
[EventType "swiss"]
[EventRounds "5"]
[EventCountry "CAN"]

1. e4 c5 2. Nf3 e6 3. c3 d5 4. exd5 Qxd5 5. d4 Nf6 6. Bd3 Nc6 7. O-O cxd4 8. cxd4 Be7 9. Nc3 Qd6 10. Be3 O-O 11. Qe2 b6 12. Rad1 Nb4 13. Bc4 Bb7 14. Ne5 Nbd5 15. Bc1 Rad8 16. Rfe1 Qb8 17. Rd3 Nb4 18. Rg3 Rxd4 19. Bh6 Ne8 20. Bb5 Bh4 21. Rg4 Qxe5 22. Qxe5 Rxg4 23. g3 gxh6 24. Qb8 Bc6 25. Be2 Rg7 26. Qxa7 Bd8 27. Rd1 Nd5 28. Nxd5 Bxd5 29. b4 Nf6 30. f3 h5 31. Kf2 h4 32. g4 h5 33. h3 hxg4 34. hxg4 Nh7 35. Qb8 h3 36. Qd6 Bxa2 37. Kg3 Ng5 38. Qxd8 Rxd8 39. Rxd8+ Kh7 40. Bd3+ f5 41. Rd6 Nxf3 42. Kxf3 Rxg4 0-1

[Event "Hiver/Winter op"]
[Site "Montreal CAN"]
[Date "2003.03.01"]
[Round "3"]
[White "Bolduc, Steve"]
[Black "Hebert, Jean"]
[Result "0-1"]
[WhiteElo "2228"]
[BlackElo "2460"]
[PlyCount "80"]
[GameId "2160767911303496"]
[EventDate "2003.02.28"]
[EventType "swiss"]
[EventRounds "5"]
[EventCountry "CAN"]

1. d4 Nf6 2. c4 e6 3. Nf3 Bb4+ 4. Nbd2 b6 5. a3 Bxd2+ 6. Bxd2 Bb7 7. Bf4 d6 8. e3 Nbd7 9. Be2 Qe7 10. h3 a5 11. Bh2 Ne4 12. O-O O-O 13. Nd2 f5 14. f3 Nxd2 15. Qxd2 e5 16. Rae1 e4 17. f4 d5 18. g4 dxc4 19. Bxc4+ Kh8 20. gxf5 Rxf5 21. Be2 Nf6 22. Bg4 Rd5 23. Qg2 c5 24. dxc5 Qxc5 25. Rf2 Rad8 26. Rc2 Qe7 27. Rec1 Rc5 28. Rxc5 bxc5 29. Qc2 Rd5 30. Bg3 Nxg4 31. hxg4 h5 32. Qh2 Qd7 33. gxh5 Rd1+ 34. Rxd1 Qxd1+ 35. Kg2 Qf3+ 36. Kg1 Qxe3+ 37. Qf2 Qd3 38. Qe1 e3 39. h6 Qe4 40. hxg7+ Kg8 0-1

[Event "Hiver/Winter op"]
[Site "Montreal CAN"]
[Date "2003.03.02"]
[Round "4"]
[White "Hebert, Jean"]
[Black "Voloaca, Mihnea"]
[Result "1-0"]
[WhiteElo "2460"]
[BlackElo "2170"]
[PlyCount "73"]
[GameId "2160767911303506"]
[EventDate "2003.02.28"]
[EventType "swiss"]
[EventRounds "5"]
[EventCountry "CAN"]

1. Nf3 d5 2. g3 Nf6 3. Bg2 Nbd7 4. d3 e5 5. O-O Bc5 6. c4 dxc4 7. dxc4 O-O 8. Nc3 e4 9. Ng5 e3 10. f4 Qe7 11. Qd3 Nb6 12. b3 h6 13. Nf3 Ng4 14. Qe4 Re8 15. Qxe7 Rxe7 16. Rd1 Be6 17. Ne4 Bb4 18. a3 Nf2 19. Nxf2 exf2+ 20. Kxf2 Bc3 21. Ra2 Bf5 22. Bd2 Rd8 23. Rc1 Bf6 24. Bc3 Bxc3 25. Rxc3 c6 26. Rd2 Rde8 27. Nd4 Bc8 28. c5 Na8 29. Nxc6 bxc6 30. Bxc6 Nc7 31. Bxe8 Rxe8 32. c6 Ne6 33. b4 Kf8 34. b5 Ke7 35. a4 Nc7 36. Rc5 f6 37. a5 1-0

[Event "Carnaval"]
[Site "Quebec CAN"]
[Date "2003.02.14"]
[Round "1"]
[White "Caire, Francois"]
[Black "Hebert, Jean"]
[Result "1/2-1/2"]
[WhiteElo "2091"]
[BlackElo "2460"]
[PlyCount "82"]
[GameId "2160767911352862"]
[EventDate "2003.02.14"]
[EventType "swiss"]
[EventRounds "5"]
[EventCountry "CAN"]
[SourceTitle "EXT 2006"]
[Source "ChessBase"]
[SourceDate "2005.11.24"]
[SourceVersion "1"]
[SourceVersionDate "2005.11.24"]
[SourceQuality "1"]

1. d4 Nf6 2. c4 e6 3. Nf3 c5 4. d5 exd5 5. cxd5 g6 6. Nc3 d6 7. e4 Bg7 8. Be2 O-O 9. O-O Na6 10. Bf4 Nc7 11. Nd2 b6 12. Nc4 Nfe8 13. e5 dxe5 14. Nxe5 Qd6 15. Nd3 Qd7 16. Bf3 Bb7 17. Be5 Rd8 18. Bxg7 Kxg7 19. Ne5 Qf5 20. Nc4 Qf4 21. Ne3 Nd6 22. a4 Rfe8 23. Qc2 f5 24. Rad1 Rd7 25. Rd2 Ba6 26. Rfd1 Rde7 27. Be2 Bxe2 28. Nxe2 Qe4 29. Qc3+ Kg8 30. b3 Rd8 31. Nc4 Nce8 32. f3 Qh4 33. g3 Qf6 34. Qxf6 Nxf6 35. Nf4 Rdd7 36. h4 Re8 37. Kf2 Nf7 38. Re2 Red8 39. Red2 Re8 40. Re2 Red8 41. Red2 Re8 1/2-1/2

[Event "Carnaval"]
[Site "Quebec CAN"]
[Date "2003.02.15"]
[Round "2"]
[White "Paradis, Sylvain"]
[Black "Hebert, Jean"]
[Result "0-1"]
[WhiteElo "2063"]
[BlackElo "2460"]
[PlyCount "86"]
[GameId "2160767911352881"]
[EventDate "2003.02.14"]
[EventType "swiss"]
[EventRounds "5"]
[EventCountry "CAN"]
[SourceTitle "EXT 2006"]
[Source "ChessBase"]
[SourceDate "2005.11.24"]
[SourceVersion "1"]
[SourceVersionDate "2005.11.24"]
[SourceQuality "1"]

1. c4 e5 2. Nc3 Nf6 3. g3 d5 4. cxd5 Nxd5 5. Bg2 Nb6 6. Nf3 Nc6 7. O-O Be7 8. a3 O-O 9. d3 Re8 10. Nd2 Nd4 11. Nc4 Bf8 12. e3 Nc6 13. b3 Bf5 14. Ne4 Qd7 15. Qe2 Bg4 16. f3 Bh3 17. Nf2 Bxg2 18. Kxg2 Nd5 19. Bb2 b5 20. Nd2 Bc5 21. Nd1 Rad8 22. Ne4 Bb6 23. Rc1 Nde7 24. Ndf2 a5 25. Nc5 Qc8 26. e4 Ng6 27. Rfd1 Nd4 28. Bxd4 Rxd4 29. Qb2 Qd8 30. Rc2 Qg5 31. Nh3 Qe7 32. Qc1 Red8 33. Nf2 Nf8 34. Na6 Ne6 35. b4 a4 36. Rc3 h5 37. Rc2 R4d6 38. Nc5 Nd4 39. Nb7 Qf6 40. Rb2 Qxf3+ 41. Kf1 Nb3 42. Qc2 Bxf2 43. Qxf2 Qxd1+ 0-1

[Event "Carnaval"]
[Site "Quebec CAN"]
[Date "2003.02.15"]
[Round "3"]
[White "Hebert, Jean"]
[Black "Chabot, Roland"]
[Result "1-0"]
[WhiteElo "2460"]
[BlackElo "2129"]
[PlyCount "67"]
[GameId "2160767911352889"]
[EventDate "2003.02.14"]
[EventType "swiss"]
[EventRounds "5"]
[EventCountry "CAN"]
[SourceTitle "EXT 2006"]
[Source "ChessBase"]
[SourceDate "2005.11.24"]
[SourceVersion "1"]
[SourceVersionDate "2005.11.24"]
[SourceQuality "1"]

1. Nf3 d6 2. d4 Nf6 3. Nc3 Bf5 4. g3 e6 5. Bg2 c6 6. O-O Nbd7 7. Nh4 d5 8. a3 Bg6 9. Nxg6 hxg6 10. e4 Nxe4 11. Nxe4 dxe4 12. Bxe4 Qa5 13. Bf3 Bd6 14. c4 Qf5 15. Bg4 Qa5 16. c5 Be7 17. Qb3 Qc7 18. Bf4 Qc8 19. Rfe1 Nf8 20. Be5 Rh7 21. Rac1 Qd7 22. Rc4 f6 23. Bf4 g5 24. Bd6 Bxd6 25. cxd6 Kd8 26. d5 cxd5 27. Rc7 Qxd6 28. Rxb7 f5 29. Bxf5 exf5 30. Rb5 Nd7 31. Rxd5 Qc6 32. Rxd7+ Qxd7 33. Qg8+ Kc7 34. Qxh7 1-0

[Event "Carnaval"]
[Site "Quebec CAN"]
[Date "2003.02.16"]
[Round "4"]
[White "Duong, Thanh Nha"]
[Black "Hebert, Jean"]
[Result "1/2-1/2"]
[WhiteElo "2366"]
[BlackElo "2460"]
[PlyCount "48"]
[GameId "2160767911352898"]
[EventDate "2003.02.14"]
[EventType "swiss"]
[EventRounds "5"]
[EventCountry "CAN"]
[SourceTitle "EXT 2006"]
[Source "ChessBase"]
[SourceDate "2005.11.24"]
[SourceVersion "1"]
[SourceVersionDate "2005.11.24"]
[SourceQuality "1"]

1. Nf3 Nf6 2. c4 c5 3. Nc3 Nc6 4. d4 cxd4 5. Nxd4 e5 6. Ndb5 d6 7. Bg5 a6 8. Na3 Be7 9. Bxf6 Bxf6 10. g3 O-O 11. Bg2 Be6 12. O-O Rc8 13. Nd5 Bxd5 14. Bxd5 Qb6 15. Qd2 e4 16. Rab1 Rfe8 17. Nc2 a5 18. h4 Nb4 19. Ne3 Bd4 20. Nf5 Nxd5 21. Qxd4 Qxd4 22. Nxd4 Rxc4 23. Nf5 Rb4 24. Rfd1 Nf6 1/2-1/2

[Event "Montreal CEM CC-ch"]
[Site "Montreal CAN"]
[Date "2003.01.25"]
[Round "2"]
[White "Bolduc, Steve"]
[Black "Hebert, Jean"]
[Result "1/2-1/2"]
[WhiteElo "2202"]
[BlackElo "2417"]
[PlyCount "53"]
[GameId "2160767911361214"]
[EventDate "2003.01.24"]
[EventType "swiss"]
[EventRounds "5"]
[EventCountry "CAN"]
[SourceTitle "EXT 2006"]
[Source "ChessBase"]
[SourceDate "2005.11.24"]
[SourceVersion "1"]
[SourceVersionDate "2005.11.24"]
[SourceQuality "1"]

1. d4 Nf6 2. c4 e6 3. Nf3 Bb4+ 4. Nbd2 b6 5. g3 Bb7 6. Bg2 O-O 7. O-O d5 8. cxd5 exd5 9. Ne5 c6 10. a3 Bd6 11. b4 a5 12. bxa5 Rxa5 13. Bb2 Qe7 14. a4 Nbd7 15. Qb3 Ra6 16. Nxd7 Qxd7 17. e4 dxe4 18. Nxe4 Be7 19. Nxf6+ Bxf6 20. Rfd1 Qe6 21. d5 cxd5 22. Bxf6 Qxf6 23. Bxd5 Bxd5 24. Qxd5 Ra5 25. Qd6 Qxd6 26. Rxd6 b5 27. Rd5 1/2-1/2

[Event "Montreal int"]
[Site "Montreal CAN"]
[Date "2002.07.25"]
[Round "1"]
[White "Ftacnik, Lubomir"]
[Black "Hebert, Jean"]
[Result "1-0"]
[WhiteElo "2602"]
[BlackElo "2416"]
[PlyCount "75"]
[GameId "2160767911441138"]
[EventDate "2002.07.25"]
[EventType "tourn"]
[EventRounds "11"]
[EventCountry "CAN"]
[EventCategory "11"]
[SourceTitle "The Week in Chess 403"]
[Source "Mark Crowther"]
[SourceDate "2002.07.29"]
[SourceVersion "1"]
[SourceVersionDate "2002.07.29"]
[SourceQuality "2"]

1. Nf3 Nf6 2. c4 c6 3. Nc3 d5 4. d4 a6 5. g3 b5 6. c5 Nbd7 7. Bg2 g6 8. h3 Bg7 9. Bf4 Nh5 10. Bg5 h6 11. Be3 e5 12. dxe5 Nxe5 13. Nxe5 Bxe5 14. Qd2 g5 15. h4 gxh4 16. Bd4 Bxd4 17. Qxd4 Qf6 18. Qxh4 Qxh4 19. Rxh4 Ng7 20. e4 dxe4 21. Rxe4+ Kf8 22. O-O-O Ne6 23. Re5 Ra7 24. Rd6 Rg8 25. Bxc6 b4 26. Nd5 Rg4 27. Ne3 Rg5 28. Rxg5 hxg5 29. Bf3 Rd7 30. Rxd7 Bxd7 31. c6 Bc8 32. Bg4 a5 33. Nc4 Ke7 34. Nxa5 Ba6 35. Nb7 Nd4 36. Nc5 Be2 37. Bxe2 Nxe2+ 38. Kd1 1-0

[Event "Montreal int"]
[Site "Montreal CAN"]
[Date "2002.07.26"]
[Round "2"]
[White "Bluvshtein, Mark"]
[Black "Hebert, Jean"]
[Result "1/2-1/2"]
[WhiteElo "2367"]
[BlackElo "2416"]
[PlyCount "65"]
[GameId "2160767911441144"]
[EventDate "2002.07.25"]
[EventType "tourn"]
[EventRounds "11"]
[EventCountry "CAN"]
[EventCategory "11"]
[SourceTitle "The Week in Chess 403"]
[Source "Mark Crowther"]
[SourceDate "2002.07.29"]
[SourceVersion "1"]
[SourceVersionDate "2002.07.29"]
[SourceQuality "2"]

1. e4 d6 2. d4 g6 3. c4 Bg7 4. Nf3 e5 5. Nc3 Nc6 6. dxe5 Nxe5 7. Nxe5 dxe5 8. Qxd8+ Kxd8 9. Bg5+ f6 10. O-O-O+ Bd7 11. Be3 Bh6 12. Bxh6 Nxh6 13. g3 Kc8 14. Nd5 Rf8 15. Ne7+ Kd8 16. Bh3 f5 17. exf5 gxf5 18. Nd5 c6 19. Nb4 Kc7 20. Rhe1 Rae8 21. f3 Bc8 22. Rd2 f4 23. Bxc8 Kxc8 24. Nd3 fxg3 25. Nxe5 Nf7 26. f4 gxh2 27. Rxh2 Nd6 28. c5 Nc4 29. b3 Nxe5 30. Rxe5 Rxe5 31. fxe5 Rf5 32. Rxh7 Rxe5 33. Rh8+ 1/2-1/2

[Event "Montreal int"]
[Site "Montreal CAN"]
[Date "2002.07.29"]
[Round "5"]
[White "Hebert, Jean"]
[Black "Degraeve, Jean Marc"]
[Result "0-1"]
[WhiteElo "2416"]
[BlackElo "2586"]
[PlyCount "70"]
[GameId "2160767911441164"]
[EventDate "2002.07.25"]
[EventType "tourn"]
[EventRounds "11"]
[EventCountry "CAN"]
[EventCategory "11"]
[SourceTitle "The Week in Chess 404"]
[Source "Mark Crowther"]
[SourceDate "2002.08.05"]
[SourceVersion "1"]
[SourceVersionDate "2002.08.05"]
[SourceQuality "2"]

1. d4 Nf6 2. c4 c5 3. d5 b5 4. cxb5 a6 5. b6 e6 6. dxe6 fxe6 7. Nf3 Qxb6 8. g3 d5 9. Bg2 Bb7 10. O-O Nbd7 11. Nc3 Be7 12. b3 O-O 13. Na4 Qd6 14. Ba3 e5 15. Rc1 Rac8 16. Bh3 d4 17. Ng5 Bd5 18. Nb2 h6 19. Nf3 Ba8 20. Nh4 Nh7 21. Nc4 Qc6 22. f3 Bxh4 23. gxh4 Nhf6 24. Qe1 Rce8 25. e4 dxe3 26. Nxe3 Nh5 27. Qd2 Rd8 28. Rcd1 Qg6+ 29. Qg2 Qf7 30. Ng4 Kh8 31. Rxd7 Qxd7 32. Bb2 Nf4 33. Nxe5 Nxg2 34. Nxd7 Nf4 35. Bg4 h5 0-1

[Event "Montreal int"]
[Site "Montreal CAN"]
[Date "2002.07.30"]
[Round "6"]
[White "Barsov, Alexei"]
[Black "Hebert, Jean"]
[Result "1/2-1/2"]
[WhiteElo "2550"]
[BlackElo "2416"]
[PlyCount "58"]
[GameId "2160767911441167"]
[EventDate "2002.07.25"]
[EventType "tourn"]
[EventRounds "11"]
[EventCountry "CAN"]
[EventCategory "11"]
[SourceTitle "The Week in Chess 404"]
[Source "Mark Crowther"]
[SourceDate "2002.08.05"]
[SourceVersion "1"]
[SourceVersionDate "2002.08.05"]
[SourceQuality "2"]

1. d4 Nf6 2. c4 e6 3. Nc3 Bb4 4. Nf3 b6 5. Bg5 Bb7 6. e3 h6 7. Bh4 Bxc3+ 8. bxc3 d6 9. Nd2 Nbd7 10. f4 Qe7 11. Bd3 O-O-O 12. O-O Rdg8 13. Bxf6 gxf6 14. Be4 d5 15. Bf3 f5 16. a4 a5 17. c5 bxc5 18. c4 Nb6 19. Nb3 Ba6 20. Nxc5 Bxc4 21. Be2 Qd6 22. Rb1 Qc6 23. Qe1 Nd7 24. Nb7 Qxa4 25. Rf2 Nb6 26. Nxa5 Kd7 27. Ra1 Qb5 28. Rb1 Qa4 29. Ra1 Qb5 1/2-1/2

[Event "Montreal int"]
[Site "Montreal CAN"]
[Date "2002.08.02"]
[Round "8"]
[White "Kotronias, Vasilios"]
[Black "Hebert, Jean"]
[Result "1-0"]
[WhiteElo "2578"]
[BlackElo "2416"]
[PlyCount "35"]
[GameId "2160767911441181"]
[EventDate "2002.07.25"]
[EventType "tourn"]
[EventRounds "11"]
[EventCountry "CAN"]
[EventCategory "11"]
[SourceTitle "The Week in Chess 404"]
[Source "Mark Crowther"]
[SourceDate "2002.08.05"]
[SourceVersion "1"]
[SourceVersionDate "2002.08.05"]
[SourceQuality "2"]

1. e4 g6 2. d4 Bg7 3. Nc3 d6 4. f4 e6 5. Nf3 Ne7 6. Be3 b6 7. Qd2 Bb7 8. O-O-O Nd7 9. Qe1 a6 10. Bd3 c5 11. Rf1 O-O 12. g4 Nf6 13. Qh4 cxd4 14. Nxd4 Nd7 15. f5 exf5 16. exf5 Nc6 17. Bg5 Bf6 18. Ne4 1-0

[Event "Montreal int"]
[Site "Montreal CAN"]
[Date "2002.08.03"]
[Round "9"]
[White "Hebert, Jean"]
[Black "Nogueiras, Jesus"]
[Result "1/2-1/2"]
[WhiteElo "2416"]
[BlackElo "2546"]
[PlyCount "35"]
[GameId "2160767911441189"]
[EventDate "2002.07.25"]
[EventType "tourn"]
[EventRounds "11"]
[EventCountry "CAN"]
[EventCategory "11"]
[SourceTitle "CBM 091"]
[Source "ChessBase"]
[SourceDate "2002.11.12"]
[SourceVersion "1"]
[SourceVersionDate "2002.11.12"]
[SourceQuality "1"]

1. c4 e6 2. Nc3 d5 3. d4 Nf6 4. Bg5 Nbd7 5. cxd5 exd5 6. e3 Be7 7. Bd3 O-O 8. Nf3 c6 9. Qc2 Re8 10. O-O Nf8 11. h3 g6 12. Bxf6 Bxf6 13. b4 a6 14. Rfe1 Be6 15. Na4 Nd7 16. Nc5 Nxc5 17. bxc5 Rc8 18. Rab1 1/2-1/2

[Event "Montreal int"]
[Site "Montreal CAN"]
[Date "2002.08.04"]
[Round "10"]
[White "Rozentalis, Eduardas"]
[Black "Hebert, Jean"]
[Result "1/2-1/2"]
[WhiteElo "2564"]
[BlackElo "2416"]
[PlyCount "145"]
[GameId "2160767911441195"]
[EventDate "2002.07.25"]
[EventType "tourn"]
[EventRounds "11"]
[EventCountry "CAN"]
[EventCategory "11"]
[SourceTitle "The Week in Chess 404"]
[Source "Mark Crowther"]
[SourceDate "2002.08.05"]
[SourceVersion "1"]
[SourceVersionDate "2002.08.05"]
[SourceQuality "2"]

1. e4 e6 2. d4 d5 3. Nd2 Nf6 4. e5 Nfd7 5. Bd3 c5 6. c3 b6 7. Ne2 Ba6 8. Bxa6 Nxa6 9. O-O Nc7 10. c4 Be7 11. Nf4 Bg5 12. Nf3 Bxf4 13. Bxf4 dxc4 14. Bg5 Qc8 15. dxc5 Nd5 16. cxb6 axb6 17. Qd4 Qc5 18. Qg4 h5 19. Qh4 Qb4 20. Rfc1 Qxb2 21. Qxc4 O-O 22. Re1 Qb4 23. Qe2 Rfc8 24. Rac1 Qa4 25. h3 Rxc1 26. Bxc1 Qxa2 27. Bd2 Qc2 28. Rc1 Qf5 29. Re1 Nc5 30. Qb5 Qd3 31. Qc6 Qa6 32. Rb1 Rc8 33. Qd6 Qa4 34. Rc1 Qa8 35. Bg5 Rc6 36. Qd8+ Qxd8 37. Bxd8 Rc8 38. Bg5 Ra8 39. Rb1 Ra3 40. Bd8 Nb3 41. Kh2 Kf8 42. Ne1 Nd2 43. Rc1 Ke8 44. Bc7 Kd7 45. Bd6 Ra2 46. Bf8 g6 47. Nd3 Ne4 48. f3 Nd2 49. Kg1 Nb3 50. Rb1 Ra1 51. Rxa1 Nxa1 52. g4 Nc2 53. Kf2 Nd4 54. Kg3 Ne2+ 55. Kh4 Ke8 56. Bd6 Ng1 57. gxh5 gxh5 58. Ba3 Ne3 59. Bc1 Nf5+ 60. Kxh5 Nxh3 61. Kg4 Ng1 62. Nf4 Kd7 63. Bb2 Ne3+ 64. Kg3 Nd5 65. Nxd5 exd5 66. f4 Ke6 67. Kg2 Kf5 68. Kxg1 Kxf4 69. Kf2 Ke4 70. Ke2 d4 71. Kd2 b5 72. Ba1 b4 73. Bb2 1/2-1/2